• 首页
  • 本馆介绍
  • 公告通知
  • 最新文献
  • 馆藏检索
  • 电子资源
  • 读者导购
  • 参考咨询
  • 我的图书馆
  • 登录
  • 详细信息显示
  • 放入我的书架
  • 预约/预借图书
  • 作者相关作品
  • 分类相关作品
  • 丛书相关作品
  • 出版社相关作品

书目信息

  • 表格格式
  • 工作单格式
  • 卡片格式
题名:
家畜解剖学
    
 
作者: ;安徽农学院 , 内蒙古农牧学院 主编
分册:  
出版信息: 上海   上海科学技术出版社  1978
页数: 246页
开本: 26cm
丛书名:
单 册:
中图分类: S852.1
科图分类:
主题词: 家畜--动物解剖学
电子资源:
ISBN:
000 00766nam0 2200241 45
001 0178000596
005 20060328084137.53
010    @dCNY1.35
091    @a16119.613
100    @a19950801d1978 em y0chiy0121 ea
101 0  @achi
102    @aCN@b310000
105    @ay z 000yy
200 10 @a家畜解剖学@Ajia chu jie pou xue@f内蒙古农牧学院,安徽农学院主编@Fnei meng gu nong mu xue yuan,an hui nong xue yuan zhu bian
210    @a上海@c上海科学技术出版社@d1978
215    @a246页@d26cm
300    @a全国高等农林院校试用教材 兽医专业用
606    @a家畜@x动物解剖学
690    @aS852.1@v4
711  0 @a安徽农学院@Aan hui nong xue yuan@4主编
711  0 @a内蒙古农牧学院@Anei meng gu nong mu xue yuan@4主编
801  0 @aCN@bNLC@c20060328
905    @dS852.1@e1
    
    家畜解剖学/内蒙古农牧学院,安徽农学院主编.-上海:上海科学技术出版社,1978
    246页;26cm
    全国高等农林院校试用教材 兽医专业用
    
    ISBN :CNY1.35
    
●
相关链接 在E读中查询图书 在五车中查询图书 在当当中查询图书 在豆瓣中查询图书


正题名:家畜解剖学     索取号:S852.1/1         预约/预借

序号 登录号 条形码 馆藏地/架位号 状态 备注
1 0002653   000884341   密集书库/ [索取号:S852.1/1] 在馆    
2 0002655   000884332   密集书库/ [索取号:S852.1/1] 在馆    
3 0002656   202450515   第二样本阅览室/ [索取号:S852.1/1] 在馆    
4 0017396   202235438   密集书库/ [索取号:S852.1/1] 在馆    
唐山师范学院图书馆 欢迎您!
大连网信软件有限公司© 版权所有